00922 a2200193 4500003000500000005001700005010001700022020002000039020001500059040000900074082001700083100002400100245006100124250001200185260005700197300002900254505042700283650001800710Nust20221117090152.0 a 2003065098 a1401836305 (IG) a9812406298 cNust00a621.3692,STE1 aSterling, Donald J.10aTechnician's guide to fiber optics /cDonald J. Sterling a3rd ed. aClifton Park, NY :bThomson/Delmar Learning,cc2004. a368 p. :bill. ;c25 cm. aThe Comm. Revolution (Page-3), Information Transmission (Page-13), Fiber Optic as Comm. Medium (Page-25), Fiber Characteristics (Page-63), Sources (Page-93), Detectors (Page-129), Transmitters and Receivers (Page-147), Connectors and Splices (Page-165), Couplers, Multiplexers and other Devices (Page-201), Fiber Optic Link (Page-225), Fiber Optic Systems (Page-249), Introduction to Test and Other Equipment (Page-303). 0aFiber optics.